000 00732cam a2200277 4500
001 28600
010 _a9727102557
005 20220405165317.0
021 _aPT
_b146507/00
090 _a28600
100 _a20071015d2000 d y0pory5003 ba
101 0 _apor
102 _aPT
105 _aa f 001yy
106 _ar
930 _lBECRE
675 _a821.134.3-91"19"
_vBN
_zpor
675 _a087.5
_vBN
_zpor
700 1 _aSoares,
_bLuísa Ducla,
_f1939-
_92431
702 1 _aFonseca,
_bNuno
_4440
200 1 _aSeis contos de Eça de Queirós
_frecontados Luísa Ducla Soares
_gil. Nuno Fonseca
205 _a1a ed
210 _aLisboa
_cTerramar,
_d2000
215 _a79, [3] p.
_cil.
_d19 cm
225 2 _aContar-recontar
_v6
990 _cLIVROS